Report of the Working Group on Intermediate and Secondary Engineering Products for fourth plan. (Record no. 85864)
[ view plain ]
| 000 -LEADER | |
|---|---|
| fixed length control field | 00673cam a22002051 4500 |
| 001 - CONTROL NUMBER | |
| control field | sa 68014524 |
| 003 - CONTROL NUMBER IDENTIFIER | |
| control field | DLC |
| 005 - DATE AND TIME OF LATEST TRANSACTION | |
| control field | 20260227112632.0 |
| 008 - FIXED-LENGTH DATA ELEMENTS--GENERAL INFORMATION | |
| fixed length control field | 070625s1965 ii 000 0 eng |
| 010 ## - LIBRARY OF CONGRESS CONTROL NUMBER | |
| LC control number | sa 68014524 |
| 020 ## - INTERNATIONAL STANDARD BOOK NUMBER | |
| Terms of availability | unpriced |
| 040 ## - CATALOGING SOURCE | |
| Original cataloging agency | DLC |
| Transcribing agency | DLC |
| Modifying agency | DLC |
| 043 ## - GEOGRAPHIC AREA CODE | |
| Geographic area code | a-ii--- |
| 050 00 - LIBRARY OF CONGRESS CALL NUMBER | |
| Classification number | TS103 |
| Item number | .A54 |
| 110 2# - MAIN ENTRY--CORPORATE NAME | |
| Corporate name or jurisdiction name as entry element | National Industrial Development Corporation. |
| 245 10 - TITLE STATEMENT | |
| Title | Report of the Working Group on Intermediate and Secondary Engineering Products for fourth plan. |
| 260 ## - PUBLICATION, DISTRIBUTION, ETC. | |
| Place of publication, distribution, etc. | New Delhi, |
| Name of publisher, distributor, etc. | National Industrial Development Corp, Technological Consultancy Bureau |
| Date of publication, distribution, etc. | [1965] |
| 300 ## - PHYSICAL DESCRIPTION | |
| Extent | 153 p. |
| Dimensions | 21 cm. |
| 650 #0 - SUBJECT ADDED ENTRY--TOPICAL TERM | |
| Topical term or geographic name entry element | Iron industry and trade |
| Geographic subdivision | India. |
No items available.